[Event "Oberliga NRW 2324"]
[Site "Germany"]
[Date "2023.09.03"]
[Round "1.7"]
[White "Langers, Alexander"]
[Black "Hirsch, Stefan"]
[Result "1/2-1/2"]
[WhiteElo "2263"]
[BlackElo "2116"]
[PlyCount "98"]
[EventDate "2023.09.03"]
[EventType "team-tourn"]
[EventRounds "9"]
[EventCountry "GER"]
[SourceTitle "EXT 2025"]
[Source "ChessBase"]
[SourceDate "2024.10.14"]
[SourceVersion "1"]
[SourceVersionDate "2024.10.14"]
[SourceQuality "1"]
[WhiteTeam "Erkenschwick"]
[BlackTeam "Wattenscheid"]
[WhiteTeamCountry "GER"]
[BlackTeamCountry "GER"]

1. e4 e5 2. Nf3 Nc6 3. Bb5 a6 4. Ba4 Nf6 5. 0-0 b5 6. Bb3 Bb7 7. c3 Nxe4 8. Re1 d5 9. d3 Nc5 10. Nxe5 Nxe5 11. Rxe5+ Ne6 12. Nd2 Bd6 13. Re1 0-0 14. d4 Qh4 15. Nf3 Qh5 16. Ne5 Qxd1 17. Bxd1 Rfe8 18. Bf3 Bxe5 19. Rxe5 Nc5 20. Rxe8+ Rxe8 21. Bd2 Ne4 22. Bf4 c6 23. h3 Bc8 24. a4 f6 25. axb5 cxb5 26. Kf1 Kf7 27. Bd1 g6 28. h4 f5 29. Be2 Ke7 30. f3 Nd6 31. Kf2 Kd7 32. h5 Nf7 33. hxg6 hxg6 34. Bd3 Ke7 35. Bc2 Kf6 36. Bb3 Bb7 37. Rh1 g5 38. Bd2 Rh8 39. Re1 Bc6 40. Bc2 Re8 41. Rh1 Rh8 42. Ra1 Bb7 43. Re1 Bc6 44. Bd3 Re8 45. Rh1 Rh8 46. Ra1 Bb7 47. Re1 Bc6 48. Ra1 Bb7 49. Re1 Bc6 1/2-1/2

[Event "Oberliga NRW 2223"]
[Site "Germany"]
[Date "2023.04.30"]
[Round "8.6"]
[White "Hirsch, Stefan"]
[Black "Wisskirchen, Andreas"]
[Result "1/2-1/2"]
[WhiteElo "2120"]
[BlackElo "2201"]
[PlyCount "24"]
[EventDate "2022.09.11"]
[EventType "team-tourn"]
[EventRounds "9"]
[EventCountry "GER"]
[SourceTitle "EXT 2025"]
[Source "ChessBase"]
[SourceDate "2024.10.14"]
[SourceVersion "1"]
[SourceVersionDate "2024.10.14"]
[SourceQuality "1"]
[WhiteTeam "Wattenscheid"]
[BlackTeam "Koeln SF"]
[WhiteTeamCountry "GER"]
[BlackTeamCountry "GER"]

1. e4 c5 2. Nf3 d6 3. Bb5+ Bd7 4. Bxd7+ Qxd7 5. c4 Nc6 6. 0-0 Nf6 7. Nc3 g6 8. d4 cxd4 9. Nxd4 Bg7 10. Nde2 0-0 11. f3 a6 12. a4 e6 1/2-1/2

[Event "Oberliga NRW 2223"]
[Site "Germany"]
[Date "2022.11.06"]
[Round "4.6"]
[White "Hirsch, Stefan"]
[Black "Bee, Marcus"]
[Result "1/2-1/2"]
[WhiteElo "2133"]
[BlackElo "2209"]
[PlyCount "46"]
[EventDate "2022.09.11"]
[EventType "team-tourn"]
[EventRounds "9"]
[EventCountry "GER"]
[SourceTitle "EXT 2025"]
[Source "ChessBase"]
[SourceDate "2024.10.14"]
[SourceVersion "1"]
[SourceVersionDate "2024.10.14"]
[SourceQuality "1"]
[WhiteTeam "Wattenscheid"]
[BlackTeam "Essen Katernberg"]
[WhiteTeamCountry "GER"]
[BlackTeamCountry "GER"]

1. c4 d6 2. Nf3 e5 3. d4 e4 4. Ng5 f5 5. Nh3 Be7 6. Nc3 Nf6 7. Nf4 c6 8. h4 Na6 9. e3 0-0 10. Bd2 Nc7 11. b4 Ne6 12. Nxe6 Bxe6 13. b5 c5 14. d5 Bf7 15. Ne2 Ng4 16. g3 Ne5 17. Ng1 Bf6 18. Rb1 a6 19. b6 Qe7 20. Be2 Rae8 21. Nh3 g6 22. Qb3 h6 23. Kd1 Kg7 1/2-1/2

[Event "Oberliga NRW 2223"]
[Site "Germany"]
[Date "2022.10.16"]
[Round "3.7"]
[White "Hirsch, Stefan"]
[Black "Rott, Georg"]
[Result "0-1"]
[WhiteElo "2131"]
[BlackElo "2126"]
[PlyCount "60"]
[EventDate "2022.09.11"]
[EventType "team-tourn"]
[EventRounds "9"]
[EventCountry "GER"]
[SourceTitle "EXT 2025"]
[Source "ChessBase"]
[SourceDate "2024.10.14"]
[SourceVersion "1"]
[SourceVersionDate "2024.10.14"]
[SourceQuality "1"]
[WhiteTeam "Wattenscheid"]
[BlackTeam "Muenster"]
[WhiteTeamCountry "GER"]
[BlackTeamCountry "GER"]

1. c4 e6 2. g3 d5 3. Bg2 c5 4. cxd5 exd5 5. d4 Nc6 6. Nf3 Nf6 7. 0-0 Be7 8. Nc3 0-0 9. b3 Ne4 10. Bb2 Bf6 11. e3 Bg4 12. Ne2 Re8 13. h3 Bxf3 14. Bxf3 Qa5 15. Bxe4 dxe4 16. Bc3 Qc7 17. dxc5 Bxc3 18. Nxc3 Qe5 19. Rc1 Rad8 20. Qe2 Qxc5 21. Nxe4 Qf5 22. Nc5 Nd4 23. Qb2 Nf3+ 24. Kg2 Ng5 25. Rh1 b6 26. h4 Qf3+ 27. Kg1 Rd5 28. hxg5 Red8 29. Qc2 Rd1+ 30. Kh2 Qh5+ 0-1

[Event "Oberliga NRW 2223"]
[Site "Germany"]
[Date "2022.09.11"]
[Round "1.8"]
[White "Hirsch, Stefan"]
[Black "Walny, Benjamin"]
[Result "0-1"]
[WhiteElo "2161"]
[BlackElo "1806"]
[PlyCount "50"]
[EventDate "2022.09.11"]
[EventType "team-tourn"]
[EventRounds "9"]
[EventCountry "GER"]
[SourceTitle "EXT 2025"]
[Source "ChessBase"]
[SourceDate "2024.10.14"]
[SourceVersion "1"]
[SourceVersionDate "2024.10.14"]
[SourceQuality "1"]
[WhiteTeam "Wattenscheid"]
[BlackTeam "Bochum SG"]
[WhiteTeamCountry "GER"]
[BlackTeamCountry "GER"]

1. c4 e5 2. Nc3 Bb4 3. Nd5 Bc5 4. e3 Ne7 5. d4 Nxd5 6. cxd5 exd4 7. exd4 Bb4+ 8. Bd2 Qe7+ 9. Be2 0-0 10. Nf3 Re8 11. 0-0 Qxe2 12. Qxe2 Rxe2 13. Bxb4 d6 14. Rfe1 Rxe1+ 15. Rxe1 Kf8 16. Ng5 Na6 17. Nxh7+ Kg8 18. Ng5 Bd7 19. Re7 Bb5 20. Bc3 Bc4 21. Rxf7 Bxa2 22. Rf5 Rf8 23. Rxf8+ Kxf8 24. Ne6+ Kg8 25. Nd8 Bxd5 0-1

[Event "Oberliga NRW 1920"]
[Site "Germany"]
[Date "2019.11.10"]
[Round "3.6"]
[White "Villwock, Martin"]
[Black "Hirsch, Stefan"]
[Result "0-1"]
[WhiteElo "2075"]
[BlackElo "2119"]
[PlyCount "100"]
[EventDate "2019.09.15"]
[EventType "team-tourn"]
[EventRounds "9"]
[EventCountry "GER"]
[SourceTitle "CBM 195 Extra"]
[Source "ChessBase"]
[SourceDate "2020.05.31"]
[SourceVersion "1"]
[SourceVersionDate "2020.05.31"]
[SourceQuality "1"]
[WhiteTeam "Essen Katernberg"]
[BlackTeam "Wattenscheid"]
[WhiteTeamCountry "GER"]
[BlackTeamCountry "GER"]

1. e4 e5 2. Nf3 Nc6 3. Bb5 a6 4. Ba4 Nf6 5. 0-0 Be7 6. Qe2 b5 7. Bb3 0-0 8. c3 d6 9. d4 Nd7 10. Rd1 Bf6 11. Be3 Na5 12. Bc2 Nc4 13. Bc1 c5 14. b3 Na5 15. dxc5 dxc5 16. Be3 Qc7 17. Nbd2 Nc6 18. Rac1 Nd8 19. Nf1 Ne6 20. g3 Bb7 21. h4 Bc6 22. Ng5 Rfe8 23. Qh5 Ndf8 24. Nh2 g6 25. Qf3 Bg7 26. Ng4 f5 27. Nh6+ Bxh6 28. Nxe6 Nxe6 29. Bxh6 f4 30. Qg4 Bd7 31. gxf4 exf4 32. Rd5 Bc8 33. Bd1 Bb7 34. Bf3 Bxd5 35. exd5 Ng7 36. d6 Qxd6 37. Rd1 Qf6 38. Bxa8 Rxa8 39. Rd7 Nf5 40. Qf3 Re8 41. Bg5 Qe6 42. Ra7 h6 43. Bxf4 Nxh4 44. Qg3 g5 45. Be3 Qd5 46. Rxa6 Qd1+ 47. Kh2 Nf3+ 48. Kg2 Rf8 49. Bf4 Rxf4 50. Ra8+ Kf7 0-1

[Event "Oberliga NRW 1718"]
[Site "Germany"]
[Date "2017.11.19"]
[Round "3.8"]
[White "Nissen, Claus"]
[Black "Hirsch, Stefan"]
[Result "1/2-1/2"]
[WhiteElo "2120"]
[BlackElo "2139"]
[PlyCount "63"]
[EventDate "2017.09.17"]
[EventType "team-tourn"]
[EventRounds "9"]
[EventCountry "GER"]
[SourceTitle "EXT 2019"]
[Source "ChessBase"]
[SourceDate "2018.10.10"]
[SourceVersion "1"]
[SourceVersionDate "2018.10.10"]
[SourceQuality "1"]
[WhiteTeam "Oberhausen"]
[BlackTeam "Wattenscheid"]
[WhiteTeamCountry "GER"]
[BlackTeamCountry "GER"]

1. d4 Nf6 2. c4 g6 3. g3 Bg7 4. Bg2 0-0 5. Nc3 d6 6. Nf3 a6 7. 0-0 Nc6 8. h3 Rb8 9. Bg5 b5 10. cxb5 axb5 11. Rc1 Bd7 12. d5 Na5 13. b4 Nb7 14. Nd4 Qe8 15. Qd3 Nd8 16. Nb1 e5 17. Nb3 Rc8 18. Na5 h6 19. Be3 Nh5 20. Kh2 f5 21. Qd2 f4 22. gxf4 Nxf4 23. Bxf4 exf4 24. Rg1 Nf7 25. Nc6 Bxc6 26. dxc6 Ne5 27. Bd5+ Kh8 28. f3 Bf6 29. Nc3 Bh4 30. Ne4 Ra8 31. Qd4 Kh7 32. Rg2 1/2-1/2

[Event "Oberliga NRW 1415"]
[Site "Germany"]
[Date "2015.04.26"]
[Round "9.7"]
[White "Hirsch, Stefan"]
[Black "Weimann, Maximilian"]
[Result "1/2-1/2"]
[WhiteElo "2226"]
[BlackElo "2153"]
[PlyCount "53"]
[EventDate "2014.09.14"]
[EventType "team-tourn"]
[EventRounds "9"]
[EventCountry "GER"]
[SourceTitle "EXT 2017"]
[Source "ChessBase"]
[SourceDate "2016.10.25"]
[SourceVersion "1"]
[SourceVersionDate "2016.10.25"]
[SourceQuality "1"]
[WhiteTeam "Wattenscheid"]
[BlackTeam "Wuerselen"]
[WhiteTeamCountry "GER"]
[BlackTeamCountry "GER"]

1. e4 c5 2. Nf3 e6 3. c3 d5 4. e5 d4 5. cxd4 cxd4 6. Bb5+ Bd7 7. Qe2 a6 8. Bxd7+ Qxd7 9. 0-0 Nc6 10. d3 Nge7 11. Nbd2 Nd5 12. Nb3 Nb6 13. Qe4 Qd5 14. Qxd5 Nxd5 15. a3 Rd8 16. Re1 Nb6 17. Bg5 Rd5 18. Re4 Nd7 19. Rc1 h6 20. Bh4 Nc5 21. Nxc5 Bxc5 22. b4 Ba7 23. Rg4 Kf8 24. h3 h5 25. Re4 Kg8 26. Ng5 Bb6 27. f4 1/2-1/2

[Event "Oberliga NRW 1415"]
[Site "Germany"]
[Date "2014.09.14"]
[Round "1.7"]
[White "Nachbar, Benjamin"]
[Black "Hirsch, Stefan"]
[Result "1-0"]
[WhiteElo "2159"]
[BlackElo "2226"]
[PlyCount "119"]
[EventDate "2014.09.14"]
[EventType "team-tourn"]
[EventRounds "9"]
[EventCountry "GER"]
[SourceTitle "EXT 2017"]
[Source "ChessBase"]
[SourceDate "2016.10.25"]
[SourceVersion "1"]
[SourceVersionDate "2016.10.25"]
[SourceQuality "1"]
[WhiteTeam "Muelheim Nord II"]
[BlackTeam "Wattenscheid"]
[WhiteTeamCountry "GER"]
[BlackTeamCountry "GER"]

1. c4 g6 2. d4 Bg7 3. e4 d6 4. Nf3 Nd7 5. Be2 e5 6. d5 Ne7 7. Nc3 0-0 8. g4 Nc5 9. g5 a5 10. Be3 Bh3 11. Rg1 c6 12. Rg3 Bd7 13. Nd2 Qb8 14. Nb3 Na6 15. Nxa5 cxd5 16. cxd5 b5 17. a3 b4 18. axb4 Nxb4 19. Kf1 f6 20. gxf6 Bxf6 21. Ra3 Bh4 22. Rf3 Rxf3 23. Bxf3 Qc7 24. Nc4 Qxc4+ 25. Be2 Qc8 26. Rxa8 Qxa8 27. Qb3 Bh3+ 28. Ke1 Qa1+ 29. Kd2 Qa5 30. Qa3 Qxa3 31. bxa3 Nbxd5 32. Bc4 Kf8 33. Nxd5 Nxd5 34. Bxd5 Bd8 35. Kc3 Ba5+ 36. Kb3 Bd7 37. a4 Bc8 38. Bc6 Be6+ 39. Kc2 Bg4 40. Kd3 Be6 41. Bd2 Bc4+ 42. Ke3 Bb6+ 43. Kf3 Ba6 44. Bb5 Bxb5 45. axb5 Ke7 46. Be3 Bc5 47. Bd2 Bb6 48. Ke2 Kd7 49. f3 d5 50. Kd3 Kd6 51. Bb4+ Bc5 52. Bxc5+ Kxc5 53. exd5 Kxd5 54. h4 Kc5 55. Ke4 Kxb5 56. Kxe5 Kc4 57. Kf6 Kd4 58. Kg7 Ke5 59. Kxh7 Kf6 60. Kg8 1-0

[Event "Oberliga NRW 1213"]
[Site "Germany"]
[Date "2013.04.28"]
[Round "9.6"]
[White "Hirsch, Stefan"]
[Black "Huhndorf, Arnold"]
[Result "1/2-1/2"]
[WhiteElo "2181"]
[BlackElo "2257"]
[PlyCount "88"]
[EventDate "2012.09.16"]
[EventType "team-tourn"]
[EventRounds "9"]
[EventCountry "GER"]
[SourceTitle "EXT 2017"]
[Source "ChessBase"]
[SourceDate "2016.10.25"]
[SourceVersion "1"]
[SourceVersionDate "2016.10.25"]
[SourceQuality "1"]
[WhiteTeam "Bochum Wattenscheid II"]
[BlackTeam "Koeln SF"]
[WhiteTeamCountry "GER"]
[BlackTeamCountry "GER"]

1. e4 c5 2. Nf3 e6 3. d4 cxd4 4. Nxd4 Nc6 5. Nc3 Qc7 6. g3 a6 7. Bg2 Nf6 8. 0-0 Be7 9. Nb3 0-0 10. Qe2 d6 11. Be3 b5 12. Rad1 Rb8 13. f4 Re8 14. g4 b4 15. Nb1 d5 16. e5 Ne4 17. c4 bxc3 18. Bxe4 dxe4 19. Nxc3 Nb4 20. Nxe4 Nxa2 21. Nbc5 Bxc5 22. Nxc5 Bb7 23. Rd6 Red8 24. Rfd1 Rxd6 25. exd6 Qc6 26. Nxb7 Qxb7 27. d7 Rd8 28. Qg2 Qb3 29. Qd2 h6 30. Bc5 Qf3 31. Be7 Qxg4+ 32. Kf2 Rxd7 33. Qxd7 Qxf4+ 34. Ke2 Qxh2+ 35. Kd3 Qxb2 36. Qc8+ Kh7 37. Qc2 Nb4+ 38. Bxb4 Qxb4 39. Rb1 Qf4 40. Ke2+ f5 41. Qc6 Qg4+ 42. Kf2 Qd4+ 43. Ke2 e5 44. Rb6 Qg4+ 1/2-1/2

[Event "Oberliga NRW 1213"]
[Site "Germany"]
[Date "2013.01.20"]
[Round "5.7"]
[White "Kloster, Josef"]
[Black "Hirsch, Stefan"]
[Result "1/2-1/2"]
[WhiteElo "2028"]
[BlackElo "2181"]
[PlyCount "43"]
[EventDate "2012.09.16"]
[EventType "team-tourn"]
[EventRounds "9"]
[EventCountry "GER"]
[SourceTitle "EXT 2017"]
[Source "ChessBase"]
[SourceDate "2016.10.25"]
[SourceVersion "1"]
[SourceVersionDate "2016.10.25"]
[SourceQuality "1"]
[WhiteTeam "Dortmund Hansa II"]
[BlackTeam "Bochum Wattenscheid II"]
[WhiteTeamCountry "GER"]
[BlackTeamCountry "GER"]

1. d4 Nf6 2. c4 g6 3. Nc3 Bg7 4. e4 d6 5. Nf3 0-0 6. Be2 e5 7. 0-0 Nbd7 8. d5 Nc5 9. Qc2 a5 10. b3 c6 11. Be3 cxd5 12. Bxc5 dxc5 13. cxd5 Ne8 14. Nd2 Bd7 15. Rad1 Nd6 16. Nc4 Qc7 17. Nxd6 Qxd6 18. Bb5 Bg4 19. Be2 Bd7 20. Bb5 Bg4 21. Be2 Bd7 22. Bb5 1/2-1/2

[Event "Oberliga NRW 1213"]
[Site "Germany"]
[Date "2012.11.18"]
[Round "3.5"]
[White "Hirsch, Stefan"]
[Black "Rosen, Willy"]
[Result "1-0"]
[WhiteElo "2168"]
[BlackElo "2199"]
[PlyCount "79"]
[EventDate "2012.09.16"]
[EventType "team-tourn"]
[EventRounds "9"]
[EventCountry "GER"]
[SourceTitle "EXT 2017"]
[Source "ChessBase"]
[SourceDate "2016.10.25"]
[SourceVersion "1"]
[SourceVersionDate "2016.10.25"]
[SourceQuality "1"]
[WhiteTeam "Bochum Wattenscheid II"]
[BlackTeam "Katernberg II"]
[WhiteTeamCountry "GER"]
[BlackTeamCountry "GER"]

1. e4 c5 2. Nf3 Nc6 3. Bb5 g6 4. 0-0 Bg7 5. Re1 Nf6 6. c3 0-0 7. d3 d6 8. Nbd2 Bd7 9. a4 b6 10. d4 a6 11. Bf1 Qc7 12. d5 Ne5 13. Nxe5 dxe5 14. Nc4 b5 15. axb5 axb5 16. Rxa8 Rxa8 17. Na3 Rb8 18. Bg5 h6 19. Bd2 Ne8 20. Qc1 Kh7 21. Be3 Nd6 22. f3 c4 23. Nc2 Nb7 24. Nb4 Ra8 25. Qd2 Nc5 26. Qf2 Nb3 27. Be2 f5 28. exf5 gxf5 29. Bd1 Ra1 30. Bc2 Qa5 31. Bb1 Bf6 32. g4 Qa8 33. Kh1 e6 34. dxe6 Bxe6 35. gxf5 Rxb1 36. Rxb1 Bxf5 37. Rd1 Bh4 38. Qg2 e4 39. Rd5 Bg6 40. Rd7+ 1-0

[Event "Oberliga NRW 1112"]
[Site "Germany"]
[Date "2012.01.08"]
[Round "5.7"]
[White "Zeldin, Leonid"]
[Black "Hirsch, Stefan"]
[Result "1/2-1/2"]
[WhiteElo "2023"]
[BlackElo "2168"]
[PlyCount "45"]
[EventDate "2011.09.18"]
[EventType "team-tourn"]
[EventRounds "9"]
[EventCountry "GER"]
[SourceTitle "EXT 2015"]
[Source "ChessBase"]
[SourceDate "2014.11.20"]
[SourceVersion "1"]
[SourceVersionDate "2014.11.20"]
[SourceQuality "1"]
[WhiteTeam "Bochum SG II"]
[BlackTeam "Wattenscheid II"]
[WhiteTeamCountry "GER"]
[BlackTeamCountry "GER"]

1. Nf3 Nf6 2. g3 g6 3. Bg2 Bg7 4. 0-0 0-0 5. c4 d6 6. d4 Nc6 7. Nc3 Bd7 8. Bf4 a6 9. Rc1 Rb8 10. c5 dxc5 11. dxc5 Qc8 12. Ne5 Nxe5 13. Bxe5 Bh3 14. Bxf6 Bxf6 15. Nd5 Bxg2 16. Nxf6+ exf6 17. Kxg2 Qe6 18. b3 Rbd8 19. Qc2 Qc6+ 20. Kg1 Rd5 21. Rfd1 Rfd8 22. Rxd5 Rxd5 23. b4 1/2-1/2

[Event "Oberliga NRW 1112"]
[Site "Germany"]
[Date "2011.09.18"]
[Round "1.5"]
[White "Hirsch, Stefan"]
[Black "Richter, Christian"]
[Result "1/2-1/2"]
[WhiteElo "2168"]
[BlackElo "2317"]
[PlyCount "70"]
[EventDate "2011.09.18"]
[EventType "team-tourn"]
[EventRounds "9"]
[EventCountry "GER"]
[SourceTitle "EXT 2015"]
[Source "ChessBase"]
[SourceDate "2014.11.20"]
[SourceVersion "1"]
[SourceVersionDate "2014.11.20"]
[SourceQuality "1"]
[WhiteTeam "Wattenscheid II"]
[BlackTeam "Emsdetten Turm II"]
[WhiteTeamCountry "GER"]
[BlackTeamCountry "GER"]

1. e4 e5 2. Nf3 Nc6 3. Bc4 Bc5 4. 0-0 Nf6 5. d3 a6 6. c3 Ba7 7. Nbd2 d6 8. Bb3 0-0 9. Re1 Ng4 10. Re2 Kh8 11. h3 Nh6 12. Nf1 f5 13. Bg5 Qe8 14. Bxh6 gxh6 15. exf5 Bxf5 16. Qd2 Qe7 17. Bd5 Qg7 18. Kh2 Rab8 19. Ng3 Bd7 20. Rg1 Ne7 21. Be4 Be8 22. Nh4 Rf4 23. Nhf5 Nxf5 24. Nxf5 Qf6 25. Ne3 Qg7 26. g3 Rf8 27. Nf5 Qg5 28. Qxg5 hxg5 29. g4 Bf7 30. b3 d5 31. Bg2 Rbe8 32. Rge1 Bb8 33. Kg1 c6 34. c4 Be6 35. Nd4 exd4 1/2-1/2

[Event "Oberliga NRW 1011"]
[Site "Germany"]
[Date "2010.10.24"]
[Round "2.6"]
[White "Hirsch, Stefan"]
[Black "Kaeding, Rainer"]
[Result "1/2-1/2"]
[WhiteElo "2225"]
[BlackElo "2190"]
[PlyCount "48"]
[EventDate "2010.09.26"]
[EventType "team-tourn"]
[EventRounds "9"]
[EventCountry "GER"]
[SourceTitle "EXT 2012"]
[Source "ChessBase"]
[SourceDate "2011.11.24"]
[SourceVersion "1"]
[SourceVersionDate "2011.11.24"]
[SourceQuality "1"]
[WhiteTeam "Wattenscheid II"]
[BlackTeam "Castrop Rauxel"]
[WhiteTeamCountry "GER"]
[BlackTeamCountry "GER"]

1. e4 c5 2. Nf3 e6 3. b3 Nf6 4. e5 Nd5 5. c4 Nb6 6. d4 cxd4 7. Nxd4 d6 8. exd6 Bxd6 9. Nc3 Be5 10. Be3 Nc6 11. Ndb5 0-0 12. Qxd8 Rxd8 13. Rc1 Nd7 14. g3 a6 15. Na3 Bd4 16. Bg2 Nc5 17. Ke2 e5 18. Nd5 Bg4+ 19. f3 Bf5 20. Nc2 Nd3 21. Rcd1 Nf4+ 22. gxf4 Bxc2 23. Rd2 Bxe3 24. Kxe3 exf4+ 1/2-1/2

[Event "Oberliga NRW 1011"]
[Site "Germany"]
[Date "2010.09.26"]
[Round "1.5"]
[White "Hirsch, Stefan"]
[Black "Savchenko, Aleksij"]
[Result "0-1"]
[WhiteElo "2225"]
[BlackElo "2275"]
[PlyCount "100"]
[EventDate "2010.09.26"]
[EventType "team-tourn"]
[EventRounds "9"]
[EventCountry "GER"]
[SourceTitle "EXT 2012"]
[Source "ChessBase"]
[SourceDate "2011.11.24"]
[SourceVersion "1"]
[SourceVersionDate "2011.11.24"]
[SourceQuality "1"]
[WhiteTeam "Wattenscheid II"]
[BlackTeam "Koeln Porz II"]
[WhiteTeamCountry "GER"]
[BlackTeamCountry "GER"]

1. g3 Nf6 2. Bg2 d5 3. c4 e6 4. Nf3 Be7 5. 0-0 0-0 6. b3 c5 7. Bb2 Nc6 8. e3 dxc4 9. bxc4 Qd3 10. Qa4 Bd7 11. Qb3 Qd6 12. d4 Na5 13. Qc3 Qa6 14. Ne5 cxd4 15. exd4 Rac8 16. Nd2 Rfd8 17. Rac1 Ba4 18. g4 Nc6 19. Ndf3 Bd6 20. Ng5 Bb4 21. Qh3 Bd2 22. Ngxf7 Bxc1 23. Bxc1 Rxd4 24. g5 Nxe5 25. Nxe5 Nd7 26. Be3 Rcxc4 27. Bxd4 Rxd4 28. Qc3 Qd6 29. Nf3 Rb4 30. Qc8+ Qf8 31. Qc3 Qc5 32. Qd2 Bc6 33. Re1 Bd5 34. h3 Rc4 35. g6 hxg6 36. Qg5 Nf8 37. Qd8 Rc2 38. Qh4 Rxa2 39. Ng5 Bxg2 40. Kxg2 Qd5+ 41. Kg1 b5 42. Re4 Ra1+ 43. Kh2 Qd1 44. Rg4 e5 45. Rg2 Qh1+ 46. Kg3 Ra3+ 47. Nf3 Qd1 48. Qe4 Ne6 49. Qa8+ Kh7 50. Kg4 e4 0-1

[Event "BL2-West 0910"]
[Site "Germany"]
[Date "2010.01.24"]
[Round "5.8"]
[White "Hirsch, Stefan"]
[Black "Dresen, Ulrich"]
[Result "0-1"]
[WhiteElo "2153"]
[BlackElo "2306"]
[PlyCount "72"]
[EventDate "2009.10.18"]
[EventType "team-tourn"]
[EventRounds "9"]
[EventCountry "GER"]
[SourceTitle "EXT 2011"]
[Source "ChessBase"]
[SourceDate "2010.11.26"]
[SourceVersion "1"]
[SourceVersionDate "2010.11.26"]
[SourceQuality "1"]
[WhiteTeam "Wattenscheid"]
[BlackTeam "Gerresheim"]
[WhiteTeamCountry "GER"]
[BlackTeamCountry "GER"]

1. Nf3 d5 2. g3 c6 3. Bg2 Bg4 4. d3 Nd7 5. 0-0 Ngf6 6. Nbd2 e5 7. e4 dxe4 8. dxe4 Qc7 9. b3 Bc5 10. Bb2 0-0 11. h3 Bh5 12. Qe2 Rfe8 13. a4 Nf8 14. Qc4 N6d7 15. Rfe1 a5 16. Nf1 Ne6 17. Ne3 f6 18. Rad1 Rad8 19. Nf5 Qb6 20. Qe2 Ndf8 21. Ne3 Ng5 22. Nc4 Qa7 23. h4 Bxf3 24. Bxf3 Bxf2+ 25. Kg2 Nxf3 26. Qxf3 Bxe1 27. Rxe1 b5 28. Ne3 bxa4 29. bxa4 Qc5 30. Bc1 Ne6 31. Qg4 Rd4 32. Rf1 Kh8 33. Qh5 g6 34. Qf3 Rf8 35. Bb2 Rxa4 36. Ng4 Qxc2+ 0-1